US Presidents by Picture #2 - Statistics

General Stats
  • This quiz has been taken 32 times
  • The average score is 14 of 16
Answer Stats
Picture Answer % Correct
Franklin D. Roosevelt
100%
Theodore Roosevelt
100%
Herbert Hoover
97%
Ulysses S. Grant
97%
Woodrow Wilson
93%
Harry S. Truman
90%
William Howard Taft
90%
Andrew Johnson
86%
Calvin Coolidge
83%
James A. Garfield
79%
Rutherford B. Hayes
79%
Warren G. Harding
79%
Chester A. Arthur
76%
Grover Cleveland
76%
William McKinley
76%
Benjamin Harrison
72%
No matching quizzes found
Score Distribution
Percent of People with Each Score
Percentile by Number Answered
Your Score History
You have not taken this quiz